[Event "22nd Honor to National Resistance"]
[Site "Nikaia"]
[Date "2014.09.02"]
[Round "9.27"]
[White "Fessas, Prokopios"]
[Black "Alexakis, Georgios"]
[Result "1/2-1/2"]
[WhiteElo "1981"]
[BlackElo "1802"]
[PlyCount "74"]
[EventDate "2014.08.26"]

1. Nf3 d6 2. d4 f5 3. g3 Nf6 4. Bg2 g6 5. O-O Bg7 6. c4 O-O 7. Nc3 Qe8 8. d5 a5
9. Be3 Na6 10. Re1 Bd7 11. Qc2 c6 12. dxc6 bxc6 13. Rad1 Rb8 14. b3 Qc8 15. Qc1
Nh5 16. Bh6 f4 17. Bxg7 Kxg7 18. Qd2 Nc5 19. Ng5 Qc7 20. Nce4 Nxe4 21. Nxe4 Qa7
22. Qd4+ Qxd4 23. Rxd4 fxg3 24. hxg3 Rb4 25. Nc5 Nf6 26. Nxd7 Nxd7 27. Bxc6 Nc5
28. e4 a4 29. Bxa4 Nxa4 30. bxa4 Rxa4 31. Re2 Rfa8 32. e5 dxe5 33. Rxe5 R8a7
34. Re2 Rxa2 35. Rxa2 Rxa2 36. Rf4 e5 37. Re4 Kf6 1/2-1/2

[Event "22nd Honor to National Resistance"]
[Site "Nikaia"]
[Date "2014.09.02"]
[Round "9.28"]
[White "Poulopoulou, Ekaterini"]
[Black "Giannoulakis, Labros"]
[Result "0-1"]
[WhiteElo "1625"]
[BlackElo "1970"]
[PlyCount "150"]
[EventDate "2014.08.26"]

1. d4 Nf6 2. c4 g6 3. Nc3 Bg7 4. Nf3 O-O 5. Bf4 d6 6. h3 Nbd7 7. e3 b6 8. Be2
Bb7 9. O-O Ne4 10. Nxe4 Bxe4 11. Nd2 Bb7 12. Bf3 Bxf3 13. Nxf3 e5 14. Bh2 Qe7
15. Qd2 c5 16. Rad1 Rad8 17. Qc2 Rfe8 18. dxe5 dxe5 19. e4 Nf8 20. Rxd8 Rxd8
21. Rd1 f6 22. Rd5 Ne6 23. Qd2 Nd4 24. Nxd4 cxd4 25. f4 Rxd5 26. cxd5 Bh6 27.
d6 Qxd6 28. fxe5 Bxd2 29. exd6 Kf7 30. e5 fxe5 31. Bxe5 Be3+ 32. Kf1 Ke6 33.
Bg3 Bc1 34. b3 Ba3 35. Ke2 Bxd6 36. Bf2 Bc5 37. Kd3 Ke5 38. g3 h5 39. a4 Kd5
40. g4 Ke5 41. Bg3+ Kd5 42. Bf2 a6 43. Bg3 Be7 44. Bf2 Bf6 45. b4 hxg4 46. hxg4
b5 47. axb5 axb5 48. Bg3 Bg5 49. Bf2 Be3 50. Bg3 Bc1 51. Bc7 Bb2 52. Bb6 Bc3
53. Ba5 Ke5 54. Bc7+ Kd5 55. Ba5 Be1 56. Ke2 Bg3 57. Kd3 Bd6 58. Bb6 Bxb4 59.
Bxd4 Bd6 60. Bc3 Be5 61. Bb4 Ba1 62. Bd2 Ke5 63. Ke3 Bd4+ 64. Kf3 Bc5 65. Bc3+
Kd5 66. Kf4 Be7 67. Bd2 Kd4 68. Ba5 g5+ 69. Kf5 Kc4 70. Ke6 b4 71. Bc7 b3 72.
Be5 Bc5 73. Kf5 Bd4 74. Bxd4 Kxd4 75. Kxg5 b2 0-1

[Event "22nd Honor to National Resistance"]
[Site "Nikaia"]
[Date "2014.09.02"]
[Round "9.29"]
[White "Kouskoutis, Georgios-Alexandros"]
[Black "Koutsidis, Achilleas"]
[Result "1-0"]
[WhiteElo "1981"]
[BlackElo "1729"]
[PlyCount "63"]
[EventDate "2014.08.26"]

1. e4 c5 2. Nf3 d6 3. Bb5+ Bd7 4. c4 Nc6 5. d4 cxd4 6. Nxd4 a6 7. Bxc6 bxc6 8.
Nc3 g6 9. O-O Bg7 10. Be3 Nf6 11. f3 O-O 12. Qd2 Rb8 13. Rad1 Qc8 14. b3 Be6
15. c5 d5 16. Nxe6 Qxe6 17. exd5 cxd5 18. Rfe1 Rbd8 19. Bd4 Qd7 20. Bxf6 Bxf6
21. Nxd5 Kg7 22. Qc2 Qc6 23. Qc4 Rd7 24. Nb4 Rxd1 25. Rxd1 Qc8 26. c6 a5 27.
Nd5 Rd8 28. Rc1 Rd6 29. c7 e6 30. Nxf6 Kxf6 31. Qc3+ Ke7 32. Qxa5 1-0

[Event "22nd Honor to National Resistance"]
[Site "Nikaia"]
[Date "2014.09.02"]
[Round "9.30"]
[White "Koerant, Filipos"]
[Black "Karakatsanis, Nikolaos"]
[Result "1/2-1/2"]
[WhiteElo "1923"]
[BlackElo "1675"]
[PlyCount "64"]
[EventDate "2014.08.26"]

1. d4 Nf6 2. c4 e5 3. dxe5 Ng4 4. e3 Nxe5 5. Nh3 Ng6 6. g3 d6 7. Bg2 Be6 8. Nc3
Nc6 9. b3 Be7 10. O-O Bf6 11. Bb2 Qd7 12. Nf4 Nxf4 13. exf4 O-O-O 14. Qd2 Bh3
15. Nd5 Bxb2 16. Qxb2 h5 17. Rfe1 h4 18. Bxh3 Qxh3 19. Rad1 g5 20. fxg5 Ne5 21.
Rxe5 hxg3 22. fxg3 dxe5 23. Rd2 Rhe8 24. Rf2 c6 25. Ne3 Rd3 26. Nf1 e4 27. Rxf7
e3 28. Qe2 Red8 29. Rf3 Rd2 30. Nxd2 Rxd2 31. Rf8+ Kd7 32. Rf7+ Kc8 1/2-1/2